Real Madrid Quiz - Statistics

General Stats
  • This quiz has been taken 256 times
  • The average score is 12 of 17
Answer Stats
Hint Answer % Correct
How many Champions Leagues have Real won? Fourteen
98%
Which Real Madrid player won the Ballon D'Or five times? Cristiano Ronaldo
89%
In the 2021-22 Champions League Final, Real beat which team 1-0? Liverpool
88%
Who are Real's biggest rivals? Barcelona
87%
Which Madrid goalkeeper recorded the most clean sheets of the 21st century? Iker Casillas
86%
How many times have Real Madrid been Relegated? Zero
86%
Who is the former Real captain famous for being red carded? Sergio Ramos
85%
...and who scored the winner? Vinicius Jr
85%
Which French former player led Real to three consecutive Champions Leagues? Zinedine Zidane
84%
What Portuguese legend at Real also played for their biggest rivals? Luis Figo
83%
How many times have Real Madrid won LaLiga? Thirty-five
80%
Who is cross-city rivals with Real? Atletico Madrid
77%
When were Real Madrid Founded? 1902
62%
What does Real mean? Royal
54%
The Estadio Santiago Bernabeu is named after a former Real Madrid... President
38%
What is Real Madrid's biggest win? 11-1
35%
What region of Madrid is Real located in? Chamartin
10%
No matching quizzes found
Score Distribution
Percent of People with Each Score
Percentile by Number Answered
Your Score History
You have not taken this quiz